|
|
|
|
| LEADER |
00000nam a2200000 4500 |
| 001 |
vtls012076907 |
| 003 |
SK-MaSNL |
| 005 |
20260301230752.0 |
| 008 |
211110s1607 sz f 000 0 lat |
| 015 |
|
|
|a SNBHFA
|
| 040 |
|
|
|a SNKHF
|b slo
|c SNKHF
|e rda
|
| 041 |
0 |
|
|a lat
|a grc
|
| 044 |
|
|
|a sz
|c CH
|
| 072 |
|
7 |
|a 2
|x Náboženstvo
|2 konspekt
|
| 080 |
|
|
|a 2-1
|2 2011
|
| 080 |
|
|
|a 21/29-1/-9
|2 2011
|
| 100 |
1 |
|
|a Wagner, Jodocus
|4 aut
|9 622047
|
| 245 |
1 |
0 |
|a Syzētēsis Theologica Et Scholastica Svper nobili hac quaestione, Anne Ecclesia complectens & profitens puram Propheticam & Apostolicam doctrinam, destituta successione visibili & personali, continuata iam inde a temporibus Apostolorum, sit vera Christi Ecclesia: Quam D.O.M.A.
|c Praeside & Moderatore Clarissimo Et Doctissimo Viro Dn. Marco Bevmlero S. S. Theologiae et Linguae Graecae Professore ordinario. ; Publicè examinandam proponit Iohannes Holzhalbivs, Ecclesiae Tigurinae minister. ; Respondente Iodoco Vvagnero, Tigvrino, S. S. Theologiae studioso. Postridie eius diei, qua Synodus Maij celebratur
|
| 264 |
|
3 |
|a Tiguri
|b In Officina Vvolphiana
|c MDCVII (1607)
|
| 300 |
|
|
|a 4 nečíslované listy
|c 4°
|
| 336 |
|
|
|a text
|b txt
|2 rdacontent
|
| 337 |
|
|
|a bez média
|b n
|2 rdamedia
|
| 338 |
|
|
|a zväzok
|b nc
|2 rdacarrier
|
| 500 |
|
|
|a Vinety, ozdobné iniciálky na 3 riadky, kustody
|
| 501 |
|
|
|a Príväzok 34. k: HOFFMEISTERUS, Caspar Johann. Dissertatio De Fundamento Salutis. Tiguri: Typis Davidis Gessneri, 1676. 4°.
|5 SNK ID 81521
|
| 502 |
|
|
|a Dizertačná práca (Doktor) -- Universität Zürich, Zürich, 1607
|
| 546 |
|
|
|a Latinčina
|b Kurzíva
|
| 650 |
0 |
7 |
|a teológia
|2 SNKPH
|9 1814
|
| 650 |
0 |
7 |
|a náboženstvo
|2 SNKPH
|9 2023
|
| 700 |
1 |
|
|a Wolf, Johannes,
|d 1564 - 1627
|4 prt
|9 622048
|
| 700 |
1 |
|
|a Holzhalb, Johannes
|4 oth
|9 622049
|
| 700 |
1 |
|
|a Beumler, Marcus,
|d 1555-1611
|4 ths
|9 442896
|
| 710 |
0 |
|
|a Wolf, Johannes (Zürich, Švajčiarsko)
|4 prt
|9 562046
|
| 752 |
|
|
|a Švajčiarsko
|d Zürich
|
| 852 |
|
|
|a snk
|h ID 81521/prív.34
|
| 958 |
|
|
|a DC
|
| 958 |
|
|
|a ONDV
|
| 999 |
|
|
|c 955949
|d 957879
|
| 952 |
|
|
|t Tlače 16. storočia
|a SNK
|b SNK
|c SNK_HF
|y PREZ
|7 0
|p 17A1398208
|o snkID 81521/prív.34
|i snkD 936/84
|0 0
|1 0
|4 0
|d 2021-11-10
|f 1
|l 0
|r 2026-02-24 10:02:51
|w 2026-02-24
|